000 00739nam0a22002651 4500
001 v19\rc\1781847
005 20250619073624.0
035 _a(NLR Aleph) 004875739
090 _a5129602
_c5129602
100 _a20061204d1904 |||y0rusy50 ca
101 0 _arus
102 _aRU
105 _ay z |||a|
200 1 _aПервый луч
_eСб. стихотворений
_fПетро
210 _aСанкт-Петербург
_cтип. т-ва М.О. Вольф
_d1904
215 _a[4], 52 с.
_d18
701 0 _aПетро
801 0 _aRU
_bNLR
_gpsbo
801 0 _aRU
_bRuMoRGB
_2psbo
801 1 _aRU
_bProSoft-M
_2rusmarc
852 _aNLR
_j34.82.4.95
899 _aБАН
899 _aRuMoRGB
_jA 283/813
942 _cBOOK
980 _aNB